000 00388nam a2200169Ia 4500
001 24960
003 IN-NITTTR
005 20251114233318.0
008 251113s9999||||xx |||||||||||||| ||eng||
040 _beng
040 _cIN-NITTTR
041 _aeng
082 _a621.3815 R163D
100 _aRangnekar, Saroj
245 0 _aDigital electronics /
_cRangnekar, Saroj
942 _2ddc
_cBK
999 _c27589
_d27589